Catálogo

Anuario de migración y remesas México = (Registro nro. 26624)

Detalles MARC
000 -LEADER
fixed length control field 01209cam a2200289 i 4500
001 - CONTROL NUMBER
control field 26624
003 - CONTROL NUMBER IDENTIFIER
control field Mx-PuUPA
005 - DATE AND TIME OF LATEST TRANSACTION
control field 20250630152932.0
008 - FIXED-LENGTH DATA ELEMENTS--GENERAL INFORMATION
fixed length control field 140415s2018 mx abd r 000 0 spa|d
040 ## - CATALOGING SOURCE
Original cataloging agency Mx-PuUPA
Language of cataloging spa
Transcribing agency Mx-PuUPA
Modifying agency Mx-PuUPA
Description conventions rda
041 1# - LANGUAGE CODE
Language code of text/sound track or separate title spa
-- eng
245 10 - TITLE STATEMENT
Title Anuario de migración y remesas México =
Remainder of title Yearbook of migration and remittances Mexico 2018 /
Statement of responsibility, etc. coordinación general / general coordination, Carlos Serrano Herrera
246 31 - VARYING FORM OF TITLE
Title proper/short title Yearbook of migration and remittances Mexico 2018
250 ## - EDITION STATEMENT
Edition statement Primera edición / First edition
264 #1 - PRODUCTION, PUBLICATION, DISTRIBUTION, MANUFACTURE, AND COPYRIGHT NOTICE
Place of production, publication, distribution, manufacture Ciudad de México :
Name of producer, publisher, distributor, manufacturer Fundación BBVA Bancomer, Consejo Nacional de Población,
Date of production, publication, distribution, manufacture, or copyright notice 2018
300 ## - PHYSICAL DESCRIPTION
Extent 181 páginas :
Other physical details ilustraciones, mapas, gráficas ;
Dimensions 22 cm.
336 ## - CONTENT TYPE
Fuente rdacontent
Content type term texto
Content type code txt
337 ## - MEDIA TYPE
Source rdamedia
Media type term sin medio
Media type code n
338 ## - CARRIER TYPE
Source rdacarrier
Carrier type term volumen
Carrier type code nc
650 #4 - SUBJECT ADDED ENTRY--TOPICAL TERM
Topical term or geographic name entry element Migración
General subdivision Remesas
-- Estadísticas
Geographic subdivision México
650 #4 - SUBJECT ADDED ENTRY--TOPICAL TERM
Topical term or geographic name entry element Migrantes
General subdivision Demografía
700 1# - ADDED ENTRY--PERSONAL NAME
Personal name Serrano Herrera, Carlos,
Relator term coordinador
9 (RLIN) 9999
942 ## - ADDED ENTRY ELEMENTS (KOHA)
Source of classification or shelving scheme Dewey Decimal Classification
Koha item type Libro
Classification part 304.873072
Item part A636
Existencias
Withdrawn status Lost status Source of classification or shelving scheme Damaged status Not for loan Collection code Home library Current library Shelving location Date acquired Source of acquisition Total Checkouts Full call number Barcode Date last seen Price effective from Koha item type
    Dewey Decimal Classification     Referencia Biblioteca Karol Wojtyla Biblioteca Karol Wojtyla Área de silencio 15/10/2019 Donación   304.873072 A636 2018 49452 05/01/2026 03/12/2013 Libro R